000 00356nam a2200145Ia 4500
001 14155
005 20250626030244.0
008 211022s9999 xx 000 0 und d
020 _a9780670086917
082 _a891.43937 FAR
100 _aFārūqī, Shamsurraḥmān,
245 4 _aThe sun that rose from the earth =
300 _a609 pages ;
942 _cBK
999 _c9078
_d9078